000 00718nam a2200229 a 4500
005 20220811144435.0
008 160921s1998 mx r 000 0 spa d
020 _a9683663060
035 _aUPN01000213471
049 _aCG
050 4 _aLC92 V4
_bA4.3
100 1 _aAlbornoz, Orlando,
_d1932-
_928694
245 1 0 _aGalileo, las paradojas del desarrollo /
_cOrlando Albornoz.
260 _aMéxico :
_bPraxis
_c1998
300 _a236 p. :
_bcuadros
440 0 _aEnsayos
650 4 _aEDUCACION -
_xPLANIFICACION -
_zVENEZUELA
_917955
650 4 _aPlanificación de recursos humanos
_91103
650 4 _aEDUCACION SUPERIOR -
_xASPECTOS ECONOMICOS -
_zAMERICA LATINA
_99180
905 _aLibro
999 _c185571
_d185571